02065nam a2200277 a 450000100100000000500170001000800410002702000180006804000250008611100860011124501120019726000720030930000270038150000480040850504850045670000430094170000410098404900090102595201340103495201180116895201240128695201180141095201180152895201240164699900170177000002918020200930055359.0110414s2008 dr 000 0 spa d a9789945865189 aDO-SdBNPbspacBNPHU2 aForo de mujeres por la reforma constitucional de la República Dominicana95610013aLa constitución que queremos las mujeres /cMaría Elena Reyes Meléndez; Mirta Rodríguez Calderón. aSanto Domingo :bIntermón OxfambFriedrich Ebert Stiftung,c2008. a18 p. :bil. ;c28 cm. aLa biblioteca posee el cuaderno No.2 y No.30 gEl cuaderno 1tEstá dedicado a los principios de igualdad, de no discriminación y los derechos fundamentalesgEl cuaderno 2tAborda el principio de derechos humanos como marco general para nuestros derechos como personas, y las obligaciones que tiene el Estado de respetar los tratados internacionales de derechos humanosgEl cuaderno 3tEstá dedicado a los derechos sexuales y los derechos reproductivos así como al derecho a vivir una vida libre de violencia de género1 aReyes Meléndez, María Elena9533311 aRodríguez Calderón, Mirta938496 aBNPD 001054708PDaGRbGRcHDd2011-07-11iLF1l0oCuaderno No. 1, e. 3p29180-30r2020-06-25w2020-06-25yLFPDZPréstamo en sala 0010718PDaPDbPDcHDd2011-04-14iLF1l0oCuaderno No. 1p29180-10r2020-06-25w2020-06-25yLFPDZNo se presta 0010718PDaPDbPDcHDd2011-06-28iLF1l0oCuaderno No. 1, e. 2p29180-20r2020-06-25w2020-06-25yLFPDZNo se presta 0010718PDaPDbPDcHDd2011-07-11iLF1l0oCuaderno No. 2p29180-40r2020-06-25w2020-06-25yLFPDZNo se presta 0010718PDaPDbPDcHDd2011-07-11iLF1l0oCuaderno No. 3p29180-50r2020-06-25w2020-06-25yLFPDZNo se presta 0010718PDaPDbPDcHDd2015-01-29iLF1l0oCuaderno No. 3, e. 2p29180-60r2020-06-25w2020-06-25yLFPDZNo se presta c28672d28672